000 00294nam a22001331a 4500
001 19020
003 OSt
005 20260204212434.0
008 190122s2017||||dr ||||||b||||||||||spa||
090 _aPGE-2017-015
100 _aPérez Garc
264 _aRepública Dominicana :Ì
942 _2ddc
_cTH
999 _c19020
_d19020